000
00318nam a22001337a 4500
080
_a
349.44 C 165
100
_a
Bellver Cano, Antonio
245
_a
Teorìa del Municipio
260
_a
Andùjar
_b
Juan Montilla
_c
(S / F)
300
_a
359 P.
650
_x
derecho municipal
945
_a
cd
_d
2015-03-30
999
_c
3664
_d
234168
942
_6
_